|
|
|
|
| LEADER |
00000nam0a2200000 4500 |
| 001 |
376489 |
| 005 |
20231102012825.0 |
| 010 |
|
|
|b 3000 экз.
|
| 035 |
|
|
|a (RuTPU)RU\TPU\retro\33929
|
| 035 |
|
|
|a RU\TPU\book\281727
|
| 090 |
|
|
|a 376489
|
| 100 |
|
|
|a 20221222d1930 k y0rusy50 ca
|
| 101 |
0 |
|
|a rus
|
| 102 |
|
|
|a RU
|
| 105 |
|
|
|a a z 001zy
|
| 200 |
1 |
|
|a Атомное ядро и радиоактивность
|f Г. А. Гамов
|
| 210 |
|
|
|a Москва
|a Ленинград
|c ОГИЗ
|d 1930
|
| 215 |
|
|
|a 77, [3] с.
|c ил. граф., табл.
|
| 225 |
1 |
|
|a Новейшие течения научной мысли
|h [Вып.] 32
|
| 320 |
|
|
|a Указатель литературы: с. 77-78
|
| 320 |
|
|
|a Указатель авторов: с.79
|
| 320 |
|
|
|a Постраничные примечания.
|
| 610 |
1 |
|
|a радиоактивность
|
| 610 |
1 |
|
|a атомное ядро
|
| 610 |
1 |
|
|a расщепление
|
| 610 |
1 |
|
|a электромагнитное излучение
|
| 610 |
1 |
|
|a энергия ядра
|
| 675 |
|
|
|a 539.14
|v 3
|
| 686 |
|
|
|a Ч611.68
|v LBC/SL-A
|2 rubbk
|
| 700 |
|
1 |
|a Гамов
|b Г. А.
|c русский физик-теоретик
|f 1904-1968
|g Георгий Антонович
|2 stltpush
|3 (RuTPU)RU\TPU\pers\15604
|9 5415
|
| 801 |
|
1 |
|a RU
|b 63413507
|c 20140429
|
| 801 |
|
2 |
|a RU
|b 63413507
|c 20221222
|g RCR
|
| 942 |
|
|
|c BK
|